000 01153nam a2200313 c 4500
003 EG-GICUC
005 20260426125136.0
008 260422s1939 fr d|||frg||| 000 0 fre d
040 _aEG-GiCUC
_bfre
_cEG-GiCUC
_dEG-GiCUC
_eRda
041 0 _afre
082 0 4 _221
_a343.302
_bCO . B
092 0 4 _221
099 _aLaw1 10 343.302 CO . B 1939
100 1 _aBourdeaux, M. henry
_eAuteur
245 1 0 _aCode De procédure pénale :
_bAnnoté D'après La Doctrine Et La Jurisprudence Avec Renvois Aux Publications Dalloz /
_cM. henry Bourdeaux.
250 _atrente-septième édition /
_brévue, corrigée et augmentée.
264 1 _a Paris :
_bJurisprudence Générale Dalloz,
_c1939.
300 _a773 page, pages non numérotées. pagination diverse :
_btableaux ;
_c15cm.
336 _2rda contenu
_a texte
337 _2rda medias
_aOrdinateur
338 _2 transporteur rda
_a Ressource en ligne
490 0 _3Petits Collection Dalloz
546 _aTexte en français
650 1 4 _aDroit pénal
_2qrmak
651 1 _2qrmak
856 4 0 _uhttps://fll.law.cu.edu.eg/fulltext/bks/B10-11015.pdf
905 _a62
942 _2ddc
_cBK
_e21
_n0
999 _c72858
_d72858